Micro and Nanomanufacturing /

保存先:
書誌詳細
第一著者: Jackson, Mark J. (edición)
その他の著者: Ahmed, Waqar (edición) (edición)
フォーマット: 図書
出版事項: Cham, Suiza : Springer, 2025, c2025
版:2a edición
主題:
オンライン・アクセス:Ver documento en línea
タグ: タグ追加
タグなし, このレコードへの初めてのタグを付けませんか!

MARC

LEADER 00000nam^a2200000^a^4500
001 000630796
005 20260415000000.0
009 20260415175800.527
020 |a 978-3-031-70499-4 
037 |a Acervo ITESO - Biblioteca 
041 |a ING. 
082 |a 620. 1  |b JAC 
100 |a Jackson, Mark J.  |e (edición) 
245 1 0 |a Micro and Nanomanufacturing /  |c Ed. de J.M. Jackson, W. Ahmed. 
250 |a 2a edición 
264 4 |a Cham, Suiza :  |b Springer,  |c 2025, c2025 
264 2 |a Cham, Suiza :  |b Springer Link [distribución],  |c 2026, c2026 
300 |a 1 libro electrónico en línea (VIII, 528 p.) 
300 |a 1 recurso en línea 
336 |a datos para computadora  |b cod  |2 rdacontenido 
337 |a computadora  |b c  |2 rdamedio 
338 |a recurso en línea  |b cr  |2 rdasoporte 
506 0 |a Licencias ilimitadas 
521 |a 2025 BO Licenciatura en Ingeniería en Nanotecnología 
649 |a XX 
650 |a Electrónica Molecular 
650 |a Materiales Nanoestructurados -  |x Tema Principal 
650 |a Ingeniería de Procesos 
650 |a Ingeniería Biomédica 
650 |a Nanotecnología -  |x Tema Principal 
650 |a Tecnología 
650 |a Ingeniería 
700 |a Ahmed, Waqar  |e (edición) 
856 4 0 |u https://link-springer-com.ezproxy.iteso.mx/10.1007/978-3-031-70499-4  |y Ver documento en línea 
910 |a Fondo General 
920 |a Electrónicos - Libros en Línea 
930 |a Plataforma Digital 
905 |a 205 
902 |a https://opac.biblio.iteso.mx/vufind/Record/000630796